Pięćdziesiąt pięć lat szczecińskiej historii

Titel: Pięćdziesiąt pięć lat szczecińskiej historii : słownik biograficzny pracowników Instytutu Historycznego Uniwersytetu Szczecińskiego / pod redakcją Henryka Walczaka.
Beteiligt:
Ausgabe: Wydanie I.
Veröffentlicht: Szczecin : Wydawnictwo Naukowe Uniwersytetu Szczecińskiego, 2024
Umfang: 400 Seiten : Illustrationen, Porträts ; 21 x 25 cm
Format: Buch
Sprache: Polnisch
Schlagworte:
ISBN: 9788379727568 ; 8379727568 ; 9788379727575
Buchumschlag
X
alg: 52219572
001A    $03004:14-10-24 
001B    $01999:04-12-25 $t22:16:36.000 
001D    $03004:14-10-24 
001U    $0utf8 
001X    $00 
002@    $0Aau 
002C    $aText $btxt $2rdacontent 
002D    $aohne Hilfsmittel zu benutzen $bn $2rdamedia 
002E    $aBand $bnc $2rdacarrier 
003@    $0522195725 
003O    $01460662152 $aOCoLC 
004A    $A978-83-7972-756-8 $f((oprawa twarda)) 
004A    $083-7972-756-8 
004D    $A978-83-7972-757-5 $f((e-book)) 
006C    $01443888336 $aOCoLC 
007A    $0522195725 $aHEB 
007G    $0DE02045604D4128B4BDADC1258C51004C1A23 
009P    $qapplication/pdf $A2 $3Inhaltsverzeichnis $uhttp://scans.hebis.de/HEBCGI/show.pl?52219572_toc.pdf $mV:DE-603;B:DE-Mb50 
009P    $qapplication/pdf $A2 $3Cover $uhttp://scans.hebis.de/HEBCGI/show.pl?52219572_cov.pdf $mV:DE-603;B:DE-Mb50 
009P    $qapplication/pdf $A2 $3Abstract $uhttp://scans.hebis.de/HEBCGI/show.pl?52219572_sum.pdf $mV:DE-603;B:DE-Mb50 
010@    $apol 
010E    $erda 
011@    $a2024 $n2024 
013D    $RBiograf $RLebenslauf $RBiografik $#Biography $#Biography as a literary form $#Biographies $#Biografie $#Biografía $#biographies $#Biographie $#Biographie $#Biographie $#Biographisches Nachschlagewerk $#Lebensbeschreibung $#Berühmte Persönlichkeit Biografie $#Biografisches Nachschlagewerk $74006804-3 $8Biografie [Tsz] $9085010375 
021A    $aPięćdziesiąt pięć lat szczecińskiej historii $dsłownik biograficzny pracowników Instytutu Historycznego Uniwersytetu Szczecińskiego $hpod redakcją Henryka Walczaka. 
028C    $BHerausgeber $4edt $71186407336 $8Walczak, Henryk$Z1963- [Tp3] $9448786389 
032@    $aWydanie I. 
033A    $pSzczecin $nWydawnictwo Naukowe Uniwersytetu Szczecińskiego 
034D    $a400 Seiten 
034I    $a21 x 25 cm 
034M    $aIllustrationen, Porträts 
037A    $aLiteraturverzeichnis Seite 241-245. 
044A    $aInstytut Historyczny (Uniwersytet Szczeciński) $2dbn $S27 $N610 
044A    $aSzczecin (woj $2dbn $S#7 $N651 
044A    $aHistorycy $2dbn $S#7 $N650 
044A    $aInstytuty naukowe $2dbn $S#7 $N650 
044A    $aPracownice i pracownicy naukowi $2dbn $S#7 $N650 
044A    $aKsięga pamiątkowa $2dbn $S#7 $N655 
044A    $aSłownik biograficzny $2dbn $S#7 $N655 
044K    $8Instytut Historyczny$gStettin [Tb1] $9463340000 
044K    $RWissenschaftler $RGeschichtsschreiber $RGeschichtswissenschaft $RHistorikerin $#Historians $#Historiens $#Historiker $#Historiker $#Geschichtsforscher $#Geschichtswissenschaftler $#Lokalhistoriker $#Landeshistoriograph $#Kulturhistoriker $74025098-2 $8Historiker [Ts1] $9085062332 
044K    $RMitarbeiter $RAkademischer Mittelbau $RNichtwissenschaftlicher Mitarbeiter $RWissenschaftliche Mitarbeiterin $#wissenschaftlicher Mitarbeiter $#Wissenschaftliches Personal $74066591-4 $8Wissenschaftlicher Mitarbeiter [Ts1] $9085187259 
045F    $a370.94380904 $eDDC23BSB 
045F/01 $a370.9 
045F/03 $f0904 
045F/03 $f0905 
045F/03 $g438 
045R    $aGeschichte 1969-2024 
047C    $aSłownik biograficzny pracowników Instytutu Historycznego Uniwersytetu Szczecińskiego 

lok: 52219572 24

exp: 52219572 24 1 #EPN
201B/01 $021-02-25 $t16:33:36.000 
201C/01 $014-10-24 
201U/01 $0utf8 
203@/01 $01277939659 
208@/01 $a21-02-25 $bz 
209A/01 $a24.06410 $du $f050 $h24 06410 $x00 
209C/01 $a24.06410 K $h24 06410 K 
209G/01 $a74946470 $x00 
220C/01 $ahae 
247C/01 $8358050-7 Marburg, Bibliothek des Herder-Instituts Marburg $9102600961 

lok: 52219572 78

exp: 52219572 78 1 #EPN
201B/01 $004-02-26 $t09:51:12.000 
201C/01 $004-02-26 
201U/01 $0utf8 
203@/01 $01333499434 
208@/01 $a04-02-26 $be 
209A/01 $a/ $f000 $x00 
209A/01 $ab*p $x01 
220C/01 $apgar 
244Z/01 $#Generalgouvernement Polen $#Polska $#Rzeczpospolita Polska $#Polska Rzeczpospolita Ludowa $#Poland $#Pologne $#République Polonaise $#Generalne Gubernatorstwo w Polsce $#Polish People's Republic $#Polska Rzeczpospolita Polen $#PRL $#RP $#Polen Generalgouvernement $#Polska Generalgouvernement $#Besetzte Polnische Gebiete $#Besetztes Gebiet in Polen $#Okupowane Polskie Obszary $#Obszary Okupowane w Polsce $#Volksrepublik Polen $#Polska Rosyjska $#Republic Polen $#Respublika Pol'ša $#Pol'skaja Narodnaja Respublika $#République de Pologne $#Polen Links der Weichsel $#Polska po Lewej Stronie Wisły $#Lenkija $#Polija $#Gubernija Carstva Pol'skago $#Republik Polen $74046496-9 $8--Tg1--Polen $x01 $9085129801 
244Z/01 $#Pommern $#Pommern $#Herzogtum Pommern $#Herzogthum Pommern $#Provinz Pommern $#Pomorze $74046744-2 $8--Tg1--Pommern $x07 $9085130354 
247C/01 $82080>Marburg/Lahn, Herder-Institut, Forschungsbibliothek, Bibliographieportal $9336309341
LEADER 00000cam a2200000 c 4500
001 522195725
003 DE-603
005 20251204221636.0
007 tu
008 241014s2024 xx |||| | u00||u|pol c
020 |a 9788379727568  |c ((oprawa twarda)) 
020 |a 8379727568 
020 |z 9788379727575  |c ((e-book)) 
035 |a (DE-599)HEB522195725 
035 |a (OCoLC)1460662152 
040 |a DE-603  |b ger  |c DE-603  |d DE-603  |e rda 
041 |a pol 
082 0 4 |8 1\u  |a 370.94380904  |q DE-101  |2 23/BSB 
085 |8 1\u  |b 370.9 
085 |8 1\u  |z 1  |s 0904 
085 |8 1\u  |z 1  |s 0905 
085 |8 1\u  |z 2  |s 438 
245 0 0 |a Pięćdziesiąt pięć lat szczecińskiej historii  |b słownik biograficzny pracowników Instytutu Historycznego Uniwersytetu Szczecińskiego  |c pod redakcją Henryka Walczaka. 
246 1 0 |a Słownik biograficzny pracowników Instytutu Historycznego Uniwersytetu Szczecińskiego 
250 |a Wydanie I. 
264 1 |a Szczecin  |b Wydawnictwo Naukowe Uniwersytetu Szczecińskiego  |c 2024 
300 |a 400 Seiten  |b Illustrationen, Porträts  |c 21 x 25 cm 
336 |a Text  |b txt  |2 rdacontent 
337 |a ohne Hilfsmittel zu benutzen  |b n  |2 rdamedia 
338 |a Band  |b nc  |2 rdacarrier 
500 |a Literaturverzeichnis Seite 241-245. 
610 1 7 |a Instytut Historyczny  |g Stettin  |2 gnd  |0 (DE-588)1208921959  |0 (DE-603)463340000 
648 7 |a Geschichte 1969-2024  |2 gnd 
650 7 |a Historiker  |0 (DE-588)4025098-2  |0 (DE-603)085062332  |2 gnd 
650 7 |a Wissenschaftlicher Mitarbeiter  |0 (DE-588)4066591-4  |0 (DE-603)085187259  |2 gnd 
655 7 |a Biografie  |2 gnd-content  |0 (DE-588)4006804-3  |0 (DE-603)085010375 
700 1 |a Walczak, Henryk  |d 1963-  |e Herausgeber  |4 edt  |0 (DE-603)448786389  |0 (DE-588)1186407336  |2 gnd 
856 4 2 |m V:DE-603;B:DE-Mb50  |q application/pdf  |u http://scans.hebis.de/HEBCGI/show.pl?52219572_toc.pdf  |3 Inhaltsverzeichnis 
856 4 2 |m V:DE-603;B:DE-Mb50  |q application/pdf  |u http://scans.hebis.de/HEBCGI/show.pl?52219572_cov.pdf  |3 Cover 
856 4 2 |m V:DE-603;B:DE-Mb50  |q application/pdf  |u http://scans.hebis.de/HEBCGI/show.pl?52219572_sum.pdf  |3 Abstract 
924 0 |9 Mb 50  |a (DE-603)1277939659  |b DE-Mb50  |c HES  |d c  |g 24.06410 
924 0 |9 2080  |a (DE-603)1333499434  |b DE-2080  |c HES  |d d  |g /